000 00843cam a2200205 a 4500
999 _c57421
_d57421
001 16143950
005 20220929111423.0
008 100305s2015 paua b 001 0 eng
041 _aeng
080 _a616.053 F-23
245 0 0 _aFanaroff and Martin's neonatal-perinatal medicine :
_bVolume 1. Diseases of the fetus and infant /
_c[edited by] Richard J. Martin, Avroy A. Fanaroff, Michele C. Walsh.
250 _a10th ed.
264 _aPhiladelphia :
_bSaunders/Elsevier,
_c2015.
300 _a2 v. (1840. lx, [lx] p.) :
_bill. ;
_c29 cm.
653 _aპერინატალური მედიცინა
700 1 _aMartin, Richard J.
_eრედაქტორი
_98537
700 1 _aFanaroff, Avroy A.
_eრედაქტორი
_98538
700 1 _aWalsh, Michele C.
_eრედაქტორი
_98539
942 _2udc
_cBK